Yongle da dian / (Record no. 12785)
[ view plain ]
| 000 -LEADER | |
|---|---|
| fixed length control field | 01243cam a2200313 a 4500 |
| 001 - CONTROL NUMBER | |
| control field | c 62001845 |
| 003 - CONTROL NUMBER IDENTIFIER | |
| control field | DLC |
| 005 - DATE AND TIME OF LATEST TRANSACTION | |
| control field | 20260227111034.0 |
| 008 - FIXED-LENGTH DATA ELEMENTS--GENERAL INFORMATION | |
| fixed length control field | 870723r1960 cc ab e 000 0 chi |
| 010 ## - LIBRARY OF CONGRESS CONTROL NUMBER | |
| LC control number | c 62001845 |
| 035 ## - SYSTEM CONTROL NUMBER | |
| System control number | (CStRLIN)DCLP87-B13650 |
| 040 ## - CATALOGING SOURCE | |
| Original cataloging agency | DLC-R |
| Transcribing agency | DLC-R |
| Modifying agency | CStRLIN |
| -- | DLC |
| 050 00 - LIBRARY OF CONGRESS CALL NUMBER | |
| Classification number | AE2 |
| Item number | .Y852 1960 |
| 066 ## - CHARACTER SETS PRESENT | |
| Alternate G0 or G1 character set | $1 |
| 130 0# - MAIN ENTRY--UNIFORM TITLE | |
| Linkage | 880-01 |
| Uniform title | Yongle da dian. |
| Form subheading | Selections. |
| 245 00 - TITLE STATEMENT | |
| Linkage | 880-02 |
| Title | Yongle da dian / |
| Statement of responsibility, etc. | [Xie Jin deng zhuan xiu ; Yao Guangxiao deng jian xiu]. |
| 260 ## - PUBLICATION, DISTRIBUTION, ETC. | |
| Linkage | 880-03 |
| Place of publication, distribution, etc. | Beijing : |
| Name of publisher, distributor, etc. | Zhonghua shu ju, |
| Date of publication, distribution, etc. | 1960-1984. |
| 300 ## - PHYSICAL DESCRIPTION | |
| Extent | 222 v. in 22 cases : |
| Other physical details | ill., maps ; |
| Dimensions | 20 cm. |
| 500 ## - GENERAL NOTE | |
| General note | Reprint; cases 21-22 repinted in 1982, published in 1984. |
| 650 #0 - SUBJECT ADDED ENTRY--TOPICAL TERM | |
| Topical term or geographic name entry element | Encyclopedias and dictionaries, Chinese |
| General subdivision | Early works to 1800. |
| 700 1# - ADDED ENTRY--PERSONAL NAME | |
| Linkage | 880-04 |
| Personal name | Xie, Jin, |
| Dates associated with a name | 1369-1415. |
| 700 1# - ADDED ENTRY--PERSONAL NAME | |
| Linkage | 880-05 |
| Personal name | Yao, Guangxiao, |
| Dates associated with a name | 1335-1419. |
| 880 0# - ALTERNATE GRAPHIC REPRESENTATION | |
| Linkage | 130-01/$1 |
| a | 永樂 大典. |
| k | Selections. |
| 880 00 - ALTERNATE GRAPHIC REPRESENTATION | |
| Linkage | 245-02/$1 |
| a | 永樂 大典 / |
| c | [解 縉 等 纂修 ; 姚 廣孝 等 監修]. |
| 880 ## - ALTERNATE GRAPHIC REPRESENTATION | |
| Linkage | 260-03/$1 |
| a | 北京 : |
| b | 中華 書局, |
| c | 1960-1984. |
| 880 1# - ALTERNATE GRAPHIC REPRESENTATION | |
| Linkage | 700-04/$1 |
| a | 解 縉, |
| d | 1369-1415. |
| 880 1# - ALTERNATE GRAPHIC REPRESENTATION | |
| Linkage | 700-05/$1 |
| a | 姚 廣孝, |
| d | 1335-1419. |
| 987 ## - LOCAL ROMANIZATION/CONVERSION HISTORY (OCLC) | |
| Romanization/conversion identifier | PINYIN |
| Agency that converted, created or reviewed | CStRLIN |
| Date of conversion or review | 20001211 |
| Status code | c |
| Version of conversion program used | 1.0 |
No items available.